000 00726cab a2200229 4500
001 ABS57762
008 090401t1997 xxu||||| |||| 00| 0 eng d
035 _a(Sirsi) u81761
041 _aeng
100 _aMurphy, G.
245 _aHousing Act 1996 seeks to correct legislative `disaster`
260 _c1997
350 _a0
490 _aCSM (Chartered Surveyor Monthly)
_v7(2) October 1997, 32-33(2)
520 _aHighlights the improvements that the Housing Act 1996 has made regarding tenants` right of first refusal.
650 _aHOUSING ACT 1996
650 _aLANDLORD AND TENANT ACT 1987
650 _aRIGHT OF FIRST REFUSAL
690 _aPROPERTY-LANDLORD AND TENANT
942 _n0
948 _c29/10/1997
999 _c51547
_d51547